Zarzadzanie przedsiebiorstwem bankowym srodowisko-organizacja-planowanie

Saved in:
Bibliographic Details
Main Author: Kosinski, Bohdan
Format: Book
Language:Polish
Published: Warszawa Poltext 1997
Series:Szkola Glówna Handlowa Studia Finansowo-Bankowe
Subjects:
Tags: Add Tag
No Tags, Be the first to tag this record!

MARC

LEADER 00000nam a2200000 4500
001 c123782
005 20221124075052.0
020 |a 83-86890-26-6 
041 0 |a pol 
044 |a PL 
245 1 0 |a Zarzadzanie przedsiebiorstwem bankowym  |b srodowisko-organizacja-planowanie  |c Bohdan Kosinski 
264 1 |a Warszawa  |b Poltext  |c 1997 
300 |a 195 s. 
490 1 |a Szkola Glówna Handlowa  |v Studia Finansowo-Bankowe 
830 0 |a Szkola Glówna Handlowa  |v Studia Finansowo-Bankowe 
610 2 0 |a banky 
610 2 0 |a bankovníctvo 
610 2 0 |a riadenie 
610 2 0 |a deregulácia 
610 2 0 |a konkurencia 
610 2 0 |a politika hospodárska 
610 2 0 |a klienti 
610 2 0 |a štruktúra organizačná 
610 2 0 |a analýzy 
610 2 0 |a bilancie 
610 2 0 |a západná Európa 
100 1 |a Kosinski, Bohdan